000 00562nam a22001817a 4500
005 20231113131722.0
008 231113b |||||||| |||| 00| 0 eng d
020 _a0702107026
041 _aAfrikaans
082 _a345.5 FER
100 _aFerreira, JC
_lAfrikaans
245 _a1976 Byvoegsel tot Strafprosesreg in die Landdroshof /
_cJC Ferreira
250 _aEerste Uitgawe
260 _aKaapstad :
_bJuta en Kie.,Bpk,
_c1976
300 _bxxviii, 181 pages ;
_c25,5 cm.
650 _aLegal practice
_bLaw
942 _cBK
_6ALISON_BN_VRIES
999 _c573
_d573